Kinematics and Dynamics of Machinery / (Record no. 16607)
[ view plain ]
| 000 -LEADER | |
|---|---|
| fixed length control field | 01195cam a22002894a 4500 |
| 001 - CONTROL NUMBER | |
| control field | 12923443 |
| 005 - DATE AND TIME OF LATEST TRANSACTION | |
| control field | 20030430164702.0 |
| 008 - FIXED-LENGTH DATA ELEMENTS--GENERAL INFORMATION | |
| fixed length control field | 020909s2003 njua 001 0 eng |
| 020 ## - INTERNATIONAL STANDARD BOOK NUMBER | |
| International Standard Book Number | 0201350998 |
| 020 ## - INTERNATIONAL STANDARD BOOK NUMBER | |
| International Standard Book Number | 9780131866416 |
| 040 ## - CATALOGING SOURCE | |
| Original cataloging agency | DLC |
| Transcribing agency | DLC |
| Modifying agency | DLC |
| 042 ## - AUTHENTICATION CODE | |
| Authentication code | pcc |
| 082 00 - DEWEY DECIMAL CLASSIFICATION NUMBER | |
| Classification number | 621.811 |
| Edition number | 21 |
| Item number | WIL |
| 100 1# - MAIN ENTRY--PERSONAL NAME | |
| Personal name | Wilson, Charles E. |
| 9 (RLIN) | 29469 |
| 245 10 - TITLE STATEMENT | |
| Title | Kinematics and Dynamics of Machinery / |
| Statement of responsibility, etc | Charles E. Wilson and J. Peter Sadler. |
| 250 ## - EDITION STATEMENT | |
| Edition statement | 3rd ed. |
| 260 ## - PUBLICATION, DISTRIBUTION, ETC. (IMPRINT) | |
| Place of publication, distribution, etc | Uper Saddle River, N.J. : |
| Name of publisher, distributor, etc | Pearson Education, |
| Date of publication, distribution, etc | c2003. |
| 300 ## - PHYSICAL DESCRIPTION | |
| Extent | xxviii, 900 p. : |
| Other physical details | ill. ; |
| Dimensions | 24 cm. |
| 650 #0 - SUBJECT ADDED ENTRY--TOPICAL TERM | |
| Topical term or geographic name as entry element | Machinery, Kinematics of. |
| 9 (RLIN) | 29470 |
| 650 #0 - SUBJECT ADDED ENTRY--TOPICAL TERM | |
| Topical term or geographic name as entry element | Machinery, Dynamics of. |
| 9 (RLIN) | 29471 |
| 653 ## - INDEX TERM--UNCONTROLLED | |
| Resource For college | |
| Arrived date list | March2012 |
| 700 1# - ADDED ENTRY--PERSONAL NAME | |
| Personal name | Sadler, J. Peter. |
| 9 (RLIN) | 29472 |
| 942 ## - ADDED ENTRY ELEMENTS (KOHA) | |
| Source of classification or shelving scheme | Dewey Decimal Classification |
| Item type | Book - Borrowing |
| Withdrawn status | Item status | Source of classification or shelving scheme | Damaged status | Not for loan | Vendor | Home library | Current library | Shelving location | Date acquired | Source of acquisition | Total Checkouts | Total Renewals | Full call number | Barcode | Date last seen | Date last borrowed | Koha item type |
|---|---|---|---|---|---|---|---|---|---|---|---|---|---|---|---|---|---|
| Dewey Decimal Classification | Baccah | Central Library | Central Library | First floor | 26/03/2012 | 14 | 75 | 621.811 WIL | 000026540 | 15/07/2025 | 10/05/2023 | Book - Borrowing | |||||
| Dewey Decimal Classification | Baccah | Central Library | Central Library | First floor | 26/03/2012 | 9 | 74 | 621.811 WIL | 000026541 | 15/07/2025 | 10/05/2023 | Book - Borrowing |